00000000cam 2200000zi 4500
0019.962746
003CaOODSP
00520260513101530
006m     o  d f      
007cr mn|||||||||
008260513s1984    onc     ob   f000 0 eng d
040 |aCaOODSP|beng|erda|cCaOODSP
043 |an-cn---
0861 |aJS4-1/1984-58E-PDF
1001 |aWormith, J. S., |eauthor.
24510|aLimited access correctional communities for Canada / |cStephen Wormith, Tonia Barker, Mario Dion, Leeman Long, Louis Zeitoun, Richard Zubrycki.
264 1|a[Ottawa] : |bMinistry of the Solicitor General of Canada, Secretariat, Programs Branch, |c1984.
300 |a1 online resource (i, 123 pages).
336 |atext|btxt|2rdacontent
337 |acomputer|bc|2rdamedia
338 |aonline resource|bcr|2rdacarrier
4901 |aPrograms Branch user report ; |vno. 1984-58
500 |aDigitized edition from print [produced by Public Safety Canada].
500 |aIssued also in French under title: Des communautés correctionnelles à accès limité au Canada.
500 |a"This working paper is made available as submitted by the authors. The views expressed are those of the authors and are not necessarily those of the Ministry of the Solicitor General of Canada."
504 |aIncludes bibliographical references (pages 66-67).
520 |a"The background of Limited Access Correctional Communities (LACC's) is set out, in an international and historical perspective, at Annex "A". The emphasis in early models was banishment and harsh punishment, often through forced labor in a colonial frontier setting where manpower was a pressing need"--Background, page [1].
650 0|aCorrectional institutions|zCanada.
650 0|aPenal colonies|zCanada.
7101 |aCanada. |bSolicitor General Canada. |bPrograms Branch, |eissuing body.
77508|tDes communautés correctionnelles à accès limité au Canada / |w(CaOODSP)9.962747
830#0|aUser report (Canada. Solicitor General Canada)|vno. 1984-58.|w(CaOODSP)9.808480
85640|qPDF|s1.21 MB|uhttps://publications.gc.ca/collections/collection_2026/sp-ps/js4-1/JS4-1-1984-58-eng.pdf